000 00383nam a2200145Ia 4500
003 LK-CoDNM
008 010623t1978 xxu||||| |||| 00| 1 eng d
040 _aLK-CoDNM
_dLK-CoDNM
_eLK-CoDNM
041 _aeng
080 _ax930.26ANC
245 _aAncient Buddhist Monuments Triangle Sri Lanka
260 _bMinistry of Cultural Affars
_aColombo
_c1978
300 _b cm
942 _cBK
999 _c110352
_d110352